000 00639nam a2200229 a 4500
008
020 _a0333483251 (pbk.)
049 _aMAIN
090 _aHV8073
100 1 _aBroad, John.
245 1 0 _aScience and criminal detection /
_cJohn Broad.
260 _aLondon :
_bMacmillan Education,
_c1988.
300 _axii,120 p. :
_bill. ;
_c22 cm.
440 0 _aDimensions of science.
650 0 _aCriminal investigation.
653 _aForensic science.
907 _a.b10062270
_b23-04-07
_c17-04-03
003
005 20230123133238.0
040 _cNUST
942 _cBOOKS
_kHV8073
999 _c145271
_d145271